Hearthstone- All Hero Powers - Statistics

General Stats
  • This quiz has been taken 5 times
    4 since last reset
  • The average score is 9 of 52
Answer Stats
Characters Class Mana Hero Power % Correct
Corrupt Garrosh/ Deathwing/ Garrosh Helscream/ Magni Bronzebeard Warrior 2 Armor Up
100%
Fire Mage Jaina/ Jaina Proudmore/ Khadgar/ Medivh Mage 2 Fireblast
75%
Dame Hazelbark/ Elise Starseeker/ Lunara/ Malfurion Stormrage/ Shando Malfurion/ Druid 2 Shapeshift
75%
Corrupt Garrosh/ Deathwing/ Garrosh Helscream/ Magni Bronzebeard Warrior 2 DIE INSECT
50%
Ragnaros the Firelord Neutral 2 DIE INSECT!
50%
Anduin Wrynn/ King Anduin/ Madame Lazul/ Tyrande Whisperwind Priest 2 Heal
50%
Lord Jaraxxus Warlock 2 INFERNO!
50%
Anduin Wrynn/ King Anduin/ Madame Lazul/ Tyrande Whisperwind Priest 2 Lesser Heal
50%
Gul'Dan/ Nemsy Necrofizzle/ Mecha Jaraxxus/ Shadow Gul'dan Warlock 2 Life Tap
50%
Alleria Windrunner/ Rexxar/ Sylvanas Windrunner/ Wanderer Rexxar Hunter 2 Steady Shot
50%
Corrupt Garrosh/ Deathwing/ Garrosh Helscream/ Magni Bronzebeard Warrior 2 Tank Up
50%
Lady Liadrin/ Lightforged Uther/ Prince Arthas/ Sir Annoy-o/ Uther Lightbringer Paladin 2 The Silver Hand
50%
Deathstalker Rexxar Hunter 2 Build a Beast
25%
Fire Mage Jaina/ Jaina Proudmore/ Khadgar/ Medivh Mage 2 Fireblast Rank 2
25%
Galakrond, The Unbreakable Warrior 2 Galakrond's Might
25%
Galakrond the Unspeakable Priest 2 Galakrond's Wit
25%
Lady Liadrin/ Lightforged Uther/ Prince Arthas/ Sir Annoy-o/ Uther Lightbringer Paladin 2 Reinforce
25%
Gul'Dan/ Nemsy Necrofizzle/ Mecha Jaraxxus/ Shadow Gul'dan Warlock 2 Soul Tap
25%
King Rastakhan/ Morgl the Oracle/ The Thunder King/ Thrall Shaman 2 Totemic Slam
25%
Shadowreaper Anduin Priest 2 Voidform
25%
Corrupt Garrosh/ Deathwing/ Garrosh Helscream/ Magni Bronzebeard Warrior 2 Anaphret's Core
0%
Cap'n Valeera/ Maiev Shadowsong/ Valeera Sanguinar Rogue 2 Ancient Blades
0%
Fire Mage Jaina/ Jaina Proudmore/ Khadgar/ Medivh Mage 2 Ascendant Scroll
0%
Alleria Windrunner/ Rexxar/ Sylvanas Windrunner/ Wanderer Rexxar Hunter 2 Ballista Shot
0%
Zul'jin Hunter 2 Berzerker Throw
0%
Hagatha the Witch Shaman - Bewitch
0%
Corrupt Garrosh/ Deathwing/ Garrosh Helscream/ Magni Bronzebeard Warrior 2 Big Red Button
0%
Scourgelord Garrosh Warrior 2 Bladestorm
0%
Cap'n Valeera/ Maiev Shadowsong/ Valeera Sanguinar Rogue 2 Dagger Mastery
0%
Valeera the Hollow Rogue 2 Death's Shadow
0%
Alleria Windrunner/ Rexxar/ Sylvanas Windrunner/ Wanderer Rexxar Hunter 2 Dinomancy
0%
Dame Hazelbark/ Elise Starseeker/ Lunara/ Malfurion Stormrage/ Shando Malfurion/ Druid 2 Dire Shapeshift
0%
Lady Liadrin/ Lightforged Uther/ Prince Arthas/ Sir Annoy-o/ Uther Lightbringer Paladin 2 Emperor Wraps
0%
Galakrond the Tempest Shaman 2 Galakrond's Fury
0%
Galakrond the Nightmare Rogue 2 Galakrond's Guile
0%
Galakrond the Wretched Warlock 2 Galakrond's Malice
0%
King Rastakhan/ Morgl the Oracle/ The Thunder King/ Thrall Shaman 2 Heart of Vir'naal
0%
Frost Lich Jaina Mage 2 Icy Touch
0%
King Rastakhan/ Morgl the Oracle/ The Thunder King/ Thrall Shaman 2 Lightning Jolt
0%
Anduin Wrynn/ King Anduin/ Madame Lazul/ Tyrande Whisperwind Priest 2 Mind Spike/Mind Shatter
0%
Anduin Wrynn/ King Anduin/ Madame Lazul/ Tyrande Whisperwind Priest 2 Obelisk's Eye
0%
Dame Hazelbark/ Elise Starseeker/ Lunara/ Malfurion Stormrage/ Shando Malfurion/ Druid - Ossirian Tear
0%
Malfurion the Pestilent Druid 2 Plague Lord
0%
Cap'n Valeera/ Maiev Shadowsong/ Valeera Sanguinar Rogue 2 Poisoned Daggers
0%
Alleria Windrunner/ Rexxar/ Sylvanas Windrunner/ Wanderer Rexxar Hunter 2 Ramaken's Roar
0%
Bloodreaver Gul'dan Warlock 2 Siphon Life
0%
Uther of the Ebon Blade Paladin 2 The Four Horsemen
0%
Lady Liadrin/ Lightforged Uther/ Prince Arthas/ Sir Annoy-o/ Uther Lightbringer Paladin 2 The Tidal Hand
0%
Gul'Dan/ Nemsy Necrofizzle/ Mecha Jaraxxus/ Shadow Gul'dan Warlock 2 Tome of Origination
0%
King Rastakhan/ Morgl the Oracle/ The Thunder King/ Thrall Shaman 2 Totemic Call
0%
Thrall, Deathseer Shaman 2 Transmute Spirit
0%
The Amazing Reno Mage - What does this do?
0%
No matching quizzes found
Score Distribution
Percent of People with Each Score
Percentile by Number Answered
Your Score History
You have not taken this quiz since the last reset